00643nam a2200169Ia 4500008004100000100002200041245012200063245004700185260003900232260000900271300001000280650001800290650001500308856005800323999001900381952007300400170221s9999 xx 000 0 und d aNorman C. H. Wong aBinge Drinking and TMT: Evaluating Responses to Anti-Binge Drinking PSAs from a Terror Management Theory Perspective  cNorman C. H. Wong, Stephanie Schartel Dunn bStudies in Media and Communication c2016 a5 : 4 xCommunication xMedia Arts uhttp://redfame.com/journal/index.php/smc/issue/view/9 c312927d312927 001040aCLbCLd2017-02-21l0r2017-02-21 00:00:00w2017-02-21yFOJ